A Hard Rock Cafe márkaépítése online eszközökkel

Bibliográfiai részletek
Szerző: Galántai Gréta
További közreműködők: Kopcsay Dr. László
Dokumentumtípus: Diplomadolgozat
Kulcsszavak:Márkaépítés
Online marketing
Hard Rock Cafe
Márka
Közösségi média
Online Access:http://dolgozattar.uni-bge.hu/422

MARC

LEADER 00000nta a2200000 i 4500
001 dolg422
005 20151015112049.0
008 150305suuuu hu om 000 hun d
040 |a BGE Dolgozattár Repozitórium  |b hun 
041 |a hu 
100 1 |a Galántai Gréta 
245 1 2 |a A Hard Rock Cafe márkaépítése online eszközökkel  |c Galántai Gréta  |h [elektronikus dokumentum] 
695 |a Márkaépítés 
695 |a Online marketing 
695 |a Hard Rock Cafe 
695 |a Márka 
695 |a Közösségi média 
700 1 |a Kopcsay Dr. László  |e ths 
856 4 0 |u http://dolgozattar.uni-bge.hu/422/1/SZAKDOLGOZAT_HRC_GG_FINAL_rm33ju.pdf  |z Dokumentum-elérés